000 00805nam a2200217Ii 4500
003 JO-AjNU
008 230605s9999||||xx |||||||||||||| ||und||
017 _a1992/5118
020 _a977-00-3545-9
040 _aJO-AjNU
_bara
_erda
_cJO-AjNU
041 _aara
050 1 4 _aHG4011.H3688 2011
100 3 _aهندي، منير ابراهيم,
_eauthor
_932813
245 0 0 _aالاوراق المالية واسواق المال
264 3 1 _aالاسكندرية: المكتب العربي الحديث، 2011
300 _a752ص
_bيحتوي على ببلوغرافية وقائمة مصطلحات من 713-752ص
336 _atext
_btxt
_2rdacontent
337 _aunmediated
_bn
_2rdamedia
338 _avolume
_bnc
_2rdacarrier
650 4 _aالاستثمار- الاوراق المالية
_932814
999 _aA13290
_c16858
_d16858